000 00570nam a2200229Ia 4500
003 OSt
005 20220924135348.0
006 a|||||r|||| 00| 0
007 ta
008 220923b |||||||| |||| 00| 0 ben d
024 _a290752
037 _cTextual
040 _aARTS
_cARTS
_bben
041 _2ben
_aben
082 _aO142,3NN0,2, 157J3
100 _aNosav
_9210181
245 0 _aBhitiyar kanda
260 _c1953
650 _aRUSSIAN LITERATURE
_915056
942 _hO142,3NN0,2, 157J3
_cTEXL
_2CC
999 _c440425
_d440425